000 01212nam a2200313 a 4500
005 20091211135350.0
008 020530s2002 nyua b 000 1 eng
020 _a0375812792
_c100.00
020 _a9780375812798
_c100.00
037 _bBlueberry Books
040 _adpl
_bEnglish
082 _aS
100 _aGreenburg, J. C.
_q(Judith C.)
245 _aIn the kitchen /
_cby J.C. Greenburg ; illustrated by Debbie Palen
260 _aNew York
_bRandom House
_c2002
270 _bNew York
300 _a80 p.:
_bill.
_c20 cm(pbk)
490 _aAndrew lost ;
_v3
500 _a"A stepping stone book."
520 _aAfter being shrunk by a shrinking machine, Alexander, his cousin Judy, and Thudd the robot encounter drain flies, a cockroach, and worse as they work their way through Mrs. Scuttle's house toward safety.
650 _aInventions
_vFiction.
650 _aSize
_vFiction.
650 _aInsects
_vFiction.
650 _aCousins
_vFiction.
700 _aPalen, Debbie
942 _2ddc
_cCH
_hS
_mGRE
999 _c32544
_d32544